| 000 | 01032cam a2200277 a 4500 | ||
|---|---|---|---|
| 001 | 173 | ||
| 003 | BR-CuiBMT | ||
| 005 | 20231213134132.0 | ||
| 008 | 230823s2020 mgba 000 0 por d | ||
| 020 | _a9788545006831 | ||
| 040 |
_aBR-CuiBMT _cBR-CuiBMT |
||
| 080 |
_22007 _a342 _x(81) |
||
| 090 |
_a342(81) _bW699a _c2. ed. |
||
| 100 | 1 | _aWilleman, Mariana Montebello | |
| 245 | 1 | 0 |
_aAccountability democrática e o desenho institucional dos tribunais de contas no Brasil / _cMarianna Montebello Willeman ; Diogo de Figueiredo Moreira Neto, prefácio. |
| 250 | _a2. ed., rev. e ampl. | ||
| 260 |
_aBelo Horizonte : _bFórum, _c2020. |
||
| 300 |
_a373 p. : _bil. ; _c22 cm |
||
| 504 | _aInclui bibliografia. | ||
| 590 | _aA Biblioteca possui a 1. reimpr. 2020. | ||
| 650 |
_aDireito constitucional _xDemocracia _zBrasil |
||
| 650 |
_aTribunais de contas _xArquitetura funcional |
||
| 650 |
_aResponsabilidade (Direito) _xTribunais de contas _zBrasil |
||
| 650 |
_aAdministração pública _xPrestação de contas |
||
| 942 |
_2udc _cLV |
||
| 999 |
_c173 _d173 |
||